| 000 | 01012nam a22003135b 4500 | ||
|---|---|---|---|
| 001 | |||
| 003 | DO-SdBNP | ||
| 005 | 20240724133448.0 | ||
| 008 | 920624s2007 sp ||| ||spa | ||
| 017 |
_a _b |
||
| 020 | _a8498155207 | ||
| 040 |
_aBPMSU _bspa _cBPMSU _e |
||
| 080 | 0 | _a | |
| 082 | 4 |
_a863.6 _bO16a 2007 _222 |
|
| 100 | 1 | _a Ochoa, Núria | |
| 240 | 1 | 0 |
_a _k |
| 245 | 1 | 4 |
_aLas aventuras de Don Quijote / _c Miguel de Cervantes ;adaptación textos, Núria Ochoa ; ilustraciones de Alicia Ginebreda _h |
| 260 |
_aBarcelona : _bSantillana Ediciones Generales, _c2007 |
||
| 300 |
_aVarias paginaciones : _bil. ; _c29 cm |
||
| 490 | 0 |
_aMis primeros clásicos _v |
|
| 590 | _aInventariado, 2024/VM | ||
| 650 | 4 | _aCuentos infantiles españoles | |
| 650 | 4 | _aCuentos de aventuras | |
| 700 | 1 |
_aGinebreda, Alicia _eilustraciones |
|
| 700 | 1 |
_aCervantes Saavedra, Miguel de _d1547-1616 _tDon Quijote de la Mancha |
|
| 901 | _a | ||
| 910 | _aVMateo V. Control de caliad. BPMSU | ||
| 942 |
_2ddc _cBK |
||
| 999 |
_c14753 _d14753 |
||